Operational excellence : (Record no. 86392)

MARC details
000 -LEADER
fixed length control field 00730nam a22002177a 4500
005 - DATE AND TIME OF LATEST TRANSACTION
control field 20140811104840.0
010 ## - LCCN (DPL NO)
LC control number ENG-110369
020 ## - INTERNATIONAL STANDARD BOOK NUMBER
International Standard Book Number 9789350621820
Terms of availability 795.00
035 ## - SYSTEM CONTROL NUMBER
System control number EN-93901
037 ## - SOURCE OF ACQUISITION
Source of stock number/acquisition DBAD/PUB
082 ## - DEWEY DECIMAL CLASSIFICATION NUMBER
Classification number 658.401
245 ## - TITLE STATEMENT
Title Operational excellence :
Statement of responsibility, etc edited by Ravi Kumar Jain, Bhimaraya A. Metri [and] Jatinder N. D. Gupta
Remainder of title a key for perfomance excellence /
260 ## - PUBLICATION, DISTRIBUTION, ETC. (IMPRINT)
Place of publication, distribution, etc New Delhi
Name of publisher, distributor, etc Excel Books
Date of publication, distribution, etc 2013
270 ## - ADDRESS
Address A-45, Naraina, Phase I
City New Delhi
Postal code 110028
300 ## - PHYSICAL DESCRIPTION
Extent xix,524p.
Dimensions 24cm(pbk)
500 ## - GENERAL NOTE
General note Includes bibliographical references
700 ## - ADDED ENTRY--PERSONAL NAME
Personal name Jain, Ravi Kumar
700 ## - ADDED ENTRY--PERSONAL NAME
Personal name Metri, Bhimaraya A
700 ## - ADDED ENTRY--PERSONAL NAME
Personal name Gupta, Jatinder N. D.
942 ## - ADDED ENTRY ELEMENTS (KOHA)
Source of classification or shelving scheme Dewey Decimal Classification
Item type English Books
Call number suffix OPE
Classification part 658.401
Holdings
Withdrawn status Lost status Not for loan Collection code Home library Current library Date acquired Source of acquisition Cost, normal purchase price Full call number Barcode Copy number Cost, replacement price Koha item type
    Not For Loan Non-fiction D.B.Act.Division D.B.Act.Division 03/07/2014 DBAD/PUB 795.00 658.401 OPE EN-93901 1 795.00 English Books

© Delhi Public Library
Hit Counter
free hit counter